Family and marriage (Record no. 536506)

MARC details
000 -LEADER
fixed length control field 00725nam a2200241Ia 4500
003 - CONTROL NUMBER IDENTIFIER
control field OSt
005 - DATE AND TIME OF LATEST TRANSACTION
control field 20220925200413.0
008 - FIXED-LENGTH DATA ELEMENTS--GENERAL INFORMATION
fixed length control field 220923b |||||||| |||| 00| 0 eng d
037 ## - SOURCE OF ACQUISITION
Terms of availability General Book
040 ## - CATALOGING SOURCE
Original cataloging agency RTL
Transcribing agency RTL
Language of cataloging eng
041 ## - LANGUAGE CODE
Source of code eng
Language code of text/sound track or separate title eng
100 ## - MAIN ENTRY--PERSONAL NAME
Personal name Kadetotad N K
9 (RLIN) 11316
245 #0 - TITLE STATEMENT
Title Family and marriage
Remainder of title A comparative study of Malmad
260 ## - PUBLICATION, DISTRIBUTION, ETC.
Place of publication, distribution, etc. Delhi
Name of publisher, distributor, etc. B R Publishing
Date of publication, distribution, etc. 1979
300 ## - PHYSICAL DESCRIPTION
Extent x,124p
Dimensions cm.
500 ## - GENERAL NOTE
General note Bibliography: p 119; Appendix: p 86-117
650 ## - SUBJECT ADDED ENTRY--TOPICAL TERM
Topical term or geographic name entry element Marriage and Kinship
9 (RLIN) 230715
942 ## - ADDED ENTRY ELEMENTS (KOHA)
Classification part Y2:3217.213R.N7, L9
Koha item type General Books
Source of classification or shelving scheme Colon Classification (CC)

No items available.

Copyright @ Delhi University Library System